000 00832nam a22002417a 4500
005 20170124105919.0
010 _aA-291678
020 _c125.00
035 _aA-291678
037 _bCen Lib/Ret
040 _aDPL
_bEN
082 _a351.5
100 _aSubbarao, Venkata
_93570
245 _aCritical commentary on administrative tribunals act 1985 and law of public services :
_cby Venkata Subbarao
_ban exhaustive manual of public services law from pre-recruitment stage to post-retirement stage in the light of up to date case law
250 _a2nd ed
260 _aHyderabad
_bLaw Academy
_c1986
270 _a1-9-332, Vidyanagar
_bHyderabad
300 _a342p.
_c24cm(Hb)
500 _aIncludes index
650 _aLaw
_9104
650 _aPublic services-law
_93571
942 _2ddc
_cEN
_h351.5
_mSUB
999 _c122998
_d122998